Datum a čas kvízu
28
Celkem bodů
Celkový počet nahraných bodů na tomto kvízu bez doplňovacích otázek.
8.
Pořadí na kvízu
Konečné umístění týmu na tomto kvízu.
Zaznamenané odpovědi
| # | Otázka | Odpověď | Body | Výsledky |
|---|---|---|---|---|
| 1. | Automobilka Škoda v minulém tý... | Laurin & Klement Kampus | 1 | |
| 2. | Papež František schválil svato... | Boží influencer | 0 | |
| 3. | Která hollywoodská herečka si... | Scarlett Johansson | 1 | |
| 4. | V pondělí se podíval do vesmír... | nejstarší člověk ve vesmíru | 1 | |
| 5. | Pražská Sparta po sobotním lig... | 8 gólů | 0 | |
| 6. | Středověk bývá obvykle ohranič... | D | 1 | |
| 7. | Jak se jmenoval významný střed... | Vilém I. Dobyvatel | 1 | |
| 8. | Kdo byl zakladatelem a prvním... | Bořivoj | 0 | |
| 9. | Vytvořte z těchto středověkých... | 1C 2D 3B 4A | 0 | |
| 10. | Závěrem tématu se podíváme na... | šlojíř, šlář | 0 |